<?xml version="1.0" encoding="UTF-8"?>
<record
    xmlns:xsi="http://www.w3.org/2001/XMLSchema-instance"
    xsi:schemaLocation="http://www.loc.gov/MARC21/slim http://www.loc.gov/standards/marcxml/schema/MARC21slim.xsd"
    xmlns="http://www.loc.gov/MARC21/slim">

  <leader>00798nam a22002537a 4500</leader>
  <controlfield tag="005">20170123162312.0</controlfield>
  <datafield tag="010" ind1=" " ind2=" ">
    <subfield code="a">B-200917</subfield>
  </datafield>
  <datafield tag="020" ind1=" " ind2=" ">
    <subfield code="c">125.00</subfield>
    <subfield code="a">818247218</subfield>
  </datafield>
  <datafield tag="035" ind1=" " ind2=" ">
    <subfield code="a">B-200917</subfield>
  </datafield>
  <datafield tag="037" ind1=" " ind2=" ">
    <subfield code="b">Cen Lib/Ret</subfield>
  </datafield>
  <datafield tag="040" ind1=" " ind2=" ">
    <subfield code="a">DPL</subfield>
    <subfield code="b">UR</subfield>
  </datafield>
  <datafield tag="082" ind1=" " ind2=" ">
    <subfield code="a">&#x646;</subfield>
    <subfield code="b">&#x634; &#x631; &#x645; </subfield>
  </datafield>
  <datafield tag="100" ind1=" " ind2=" ">
    <subfield code="a">&#x634;&#x631;&#x645;&#x627;&#x60C; &#x622;&#x631;.&#x688;&#x6CC; </subfield>
    <subfield code="9">831</subfield>
  </datafield>
  <datafield tag="245" ind1=" " ind2=" ">
    <subfield code="a"> &#x6A9;&#x631;&#x6CC;&#x64F;&#x62A;&#x6D2; &#x6C1;&#x648; &#x62C;&#x648; &#x627;&#x628; &#x631;&#x627;&#x6A9;&#x6BE; /</subfield>
    <subfield code="c">&#x622;&#x631; &#x688;&#x6CC; &#x634;&#x631;&#x645;&#x627; </subfield>
  </datafield>
  <datafield tag="246" ind1=" " ind2=" ">
    <subfield code="a">Karyute jo javabe raakh /</subfield>
    <subfield code="b">by R.D. Sharma </subfield>
  </datafield>
  <datafield tag="260" ind1=" " ind2=" ">
    <subfield code="a">&#x686;&#x646;&#x62F;&#x6CC;&#x6AF;&#x691;&#x6BE;  </subfield>
    <subfield code="b">&#x686;&#x646;&#x62F;&#x6CC;&#x6AF;&#x691;&#x6BE; &#x633;&#x627;&#x6C1;&#x62A;&#x6CC;&#x6C1; &#x627;&#x6A9;&#x627;&#x62F;&#x645;&#x6CC; </subfield>
    <subfield code="c">2006</subfield>
  </datafield>
  <datafield tag="270" ind1=" " ind2=" ">
    <subfield code="a">SCO 57-59, </subfield>
    <subfield code="b">&#x686;&#x646;&#x62F;&#x6CC;&#x6AF;&#x691;&#x6BE; </subfield>
    <subfield code="e">160017</subfield>
  </datafield>
  <datafield tag="300" ind1=" " ind2=" ">
    <subfield code="a">96p.</subfield>
    <subfield code="c">21cm(Hb)</subfield>
  </datafield>
  <datafield tag="650" ind1=" " ind2=" ">
    <subfield code="a">&#x627;&#x631;&#x62F;&#x648; &#x627;&#x62F;&#x628; </subfield>
    <subfield code="9">112320</subfield>
  </datafield>
  <datafield tag="650" ind1=" " ind2=" ">
    <subfield code="a">&#x627;&#x631;&#x62F;&#x648; &#x646;&#x627;&#x648;&#x644;  </subfield>
    <subfield code="9">547</subfield>
  </datafield>
  <datafield tag="650" ind1=" " ind2=" ">
    <subfield code="a">Urdu literature </subfield>
    <subfield code="9">112321</subfield>
  </datafield>
  <datafield tag="650" ind1=" " ind2=" ">
    <subfield code="a">Urdu novel</subfield>
    <subfield code="9">112322</subfield>
  </datafield>
  <datafield tag="942" ind1=" " ind2=" ">
    <subfield code="2">ddc</subfield>
    <subfield code="c">UR</subfield>
    <subfield code="h">&#x646;</subfield>
    <subfield code="m">&#x634; &#x631; &#x645; </subfield>
  </datafield>
  <datafield tag="999" ind1=" " ind2=" ">
    <subfield code="c">106474</subfield>
    <subfield code="d">106474</subfield>
  </datafield>
  <datafield tag="952" ind1=" " ind2=" ">
    <subfield code="0">0</subfield>
    <subfield code="1">0</subfield>
    <subfield code="4">0</subfield>
    <subfield code="7">0</subfield>
    <subfield code="a">L</subfield>
    <subfield code="b">L</subfield>
    <subfield code="d">2015-12-22</subfield>
    <subfield code="e">Cen Lib/Ret</subfield>
    <subfield code="g">125.00</subfield>
    <subfield code="l">0</subfield>
    <subfield code="o">&#x646; &#x634; &#x631; &#x645;</subfield>
    <subfield code="p">B-200917</subfield>
    <subfield code="r">2015-12-22 00:00:00</subfield>
    <subfield code="t">1</subfield>
    <subfield code="v">125.00</subfield>
    <subfield code="w">2015-12-22</subfield>
    <subfield code="y">UR</subfield>
  </datafield>
</record>
